[Event "49th Capablanca Mem Open I 2014"]
[Site "Havana CUB"]
[Date "2014.05.11"]
[Round "4.21"]
[White "Barros Rivadeneira, Cristhian"]
[Black "Sanchez Enriquez, Oscar Gerardo"]
[Result "1/2-1/2"]
[WhiteTitle "IM"]
[BlackTitle "FM"]
[WhiteElo "2273"]
[BlackElo "2405"]
[WhiteFideId "3609677"]
[BlackFideId "5106311"]
[EventDate "2014.04.08"]

1. c4 e5 2. g3 Nc6 3. Bg2 Bc5 4. Nc3 a6 5. e3 d6 6. Nge2 Ba7 7. d3 Nge7 8. Rb1
Bf5 9. b4 Qd7 10. h3 Rb8 11. a4 O-O 12. b5 axb5 13. axb5 Nd8 14. Ra1 Bb6 15. e4
Bg6 16. O-O Ne6 17. Na4 Bd4 18. Nxd4 Nxd4 19. Nc3 f5 20. exf5 Bxf5 21. Kh2 Be6
22. Bg5 Ng6 23. Ra7 Qc8 24. Be3 Nf5 25. Bc1 Rf7 26. Ne4 h6 27. b6 Qd8 28. bxc7
Rxc7 29. Nc3 Rd7 30. Qa4 Nge7 1/2-1/2

[Event "49th Capablanca Mem Open I 2014"]
[Site "Havana CUB"]
[Date "2014.05.11"]
[Round "4.22"]
[White "Diaz Murgada, Rider"]
[Black "Fernandez Guillen, Ernesto J."]
[Result "1-0"]
[WhiteTitle "FM"]
[BlackTitle "FM"]
[WhiteElo "2375"]
[BlackElo "2292"]
[WhiteFideId "3506703"]
[BlackFideId "3512428"]
[EventDate "2014.04.08"]

1. d4 d5 2. c4 c6 3. Nf3 Nf6 4. e3 Bf5 5. Nc3 e6 6. Nh4 Bg6 7. Be2 Nbd7 8. O-O
Bd6 9. g3 dxc4 10. Bxc4 Nb6 11. Be2 Nbd5 12. Nxg6 hxg6 13. Bf3 Nxc3 14. bxc3 e5
15. Rb1 e4 16. Bg2 Qe7 17. c4 O-O-O 18. Qa4 a6 19. Bd2 Rd7 20. Rb2 g5 21. Rfb1
c5 22. Bc3 g4 23. Rb6 Rh5 24. dxc5 Rxc5 25. Bd4 Rh5 26. c5 Bxc5 27. Rxa6 Bxd4
28. Ra8+ Kc7 29. Rxb7+ 1-0

[Event "49th Capablanca Mem Open I 2014"]
[Site "Havana CUB"]
[Date "2014.05.11"]
[Round "4.23"]
[White "Alvarez Pedraza, Aramis"]
[Black "Yanes Canizares, Alejandro"]
[Result "1/2-1/2"]
[WhiteTitle "GM"]
[BlackTitle "FM"]
[WhiteElo "2486"]
[BlackElo "2305"]
[WhiteFideId "3507408"]
[BlackFideId "3506134"]
[EventDate "2014.04.08"]

1. Nf3 Nf6 2. c4 e6 3. g3 d5 4. Bg2 c6 5. b3 Nbd7 6. Bb2 Bd6 7. O-O O-O 8. Nc3
Re8 9. d3 b6 10. cxd5 exd5 11. e4 dxe4 12. Nxe4 Nxe4 13. dxe4 Bc5 14. Qc2 Qe7
15. Rfe1 Bb7 16. a3 a5 17. e5 Nf8 18. Re4 Red8 19. e6 Nxe6 20. Rae1 Qd6 21. Bf1
Ba6 22. Bxa6 Rxa6 23. Qc3 Qf8 24. b4 axb4 25. axb4 Be7 26. Qxc6 Ra2 27. R1e2 Rd6
28. Qb7 Ra8 29. Rc4 Rb8 30. Qe4 b5 31. Rcc2 Rbd8 32. h4 Rd1+ 33. Kg2 Bxb4 34.
Qc6 R1d5 35. Re5 Qd6 36. Qxd6 R8xd6 37. Rc8+ Rd8 38. Rxd8+ Rxd8 39. Rxb5 Bd6 40.
Rb6 h6 41. Be5 Bc5 42. Rb7 Nd4 43. Bxd4 Bxd4 44. h5 Bf6 45. Rb5 Kf8 46. Nh2 Rd2
47. Ng4 Bd4 48. Kf3 Ke7 49. Ra5 Ke6 50. Ra6+ Ke7 51. Rc6 Kd7 52. Ra6 Ke7 53. Ra8
Bb6 54. Rg8 Bd4 55. Ke4 Ke6 56. Re8+ Kd7 57. Rg8 Ke6 58. Ne3 Bxe3 59. Kxe3 Rd5
60. Rxg7 Rxh5 61. Rg4 Kf6 62. Ra4 Re5+ 63. Kf3 Kg7 64. Kg4 Rg5+ 65. Kh3 Rh5+ 66.
Kg2 Rb5 67. Ra6 f6 68. Re6 h5 69. Re4 Rb3 70. Re8 Rb4 71. Kh3 Ra4 72. Re2 Rb4
73. Ra2 Rc4 74. Ra5 Rb4 75. Ra8 Rc4 76. Rh8 Ra4 77. Rc8 Kh7 78. Rb8 Kg6 79. Rb5
Rc4 80. Rd5 Ra4 81. f4 Ra1 82. Rb5 Rh1+ 83. Kg2 Ra1 84. Rb3 Ra2+ 85. Kf3 Ra4 86.
Rc3 Rb4 87. Ra3 Rc4 88. Ra8 Rb4 89. Rh8 Ra4 1/2-1/2

[Event "49th Capablanca Mem Open I 2014"]
[Site "Havana CUB"]
[Date "2014.05.11"]
[Round "4.24"]
[White "Leon Valdes, Jony Wilson"]
[Black "Abreu Delgado, Aryam"]
[Result "0-1"]
[WhiteTitle "FM"]
[BlackTitle "GM"]
[WhiteElo "2306"]
[BlackElo "2464"]
[WhiteFideId "3506177"]
[BlackFideId "3502589"]
[EventDate "2014.04.08"]

1. d4 Nf6 2. c4 g6 3. f3 Bg7 4. e4 d6 5. Nc3 O-O 6. Be3 c5 7. Nge2 Nc6 8. d5 Ne5
9. Ng3 e6 10. Be2 exd5 11. cxd5 a6 12. a4 h5 13. O-O Re8 14. h3 h4 15. Nh1 Nh7
16. f4 Nd7 17. Nf2 f5 18. Bd3 Ndf8 19. Re1 Bd7 20. Qc2 Qf6 21. a5 Rad8 22. Rab1
Qf7 23. Rbd1 Bc8 24. Na4 fxe4 25. Nxe4 Bf5 26. Bf2 Bxe4 27. Bxe4 Qxf4 28. Bf3
Be5 29. Re4 Qh2+ 30. Kf1 Ng5 31. Bg1 Qh1 32. Ke2 Nxe4 33. Bxe4 Bd4 0-1

[Event "49th Capablanca Mem Open I 2014"]
[Site "Havana CUB"]
[Date "2014.05.11"]
[Round "4.26"]
[White "Pozo Vera, Sandro"]
[Black "Gutierrez Delgado, Yusuan A."]
[Result "1/2-1/2"]
[WhiteTitle "GM"]
[BlackTitle "FM"]
[WhiteElo "2452"]
[BlackElo "2307"]
[WhiteFideId "3507203"]
[BlackFideId "3508005"]
[EventDate "2014.04.08"]

1. Nf3 Nf6 2. c4 g6 3. Nc3 d5 4. cxd5 Nxd5 5. e4 Nxc3 6. bxc3 Bg7 7. Be2 O-O 8.
d4 c5 9. O-O b6 10. Bg5 Bb7 11. Qd3 Ba6 12. Qe3 Bxe2 13. Qxe2 cxd4 14. cxd4 Nc6
15. Rad1 h6 16. Be3 e6 17. d5 exd5 18. exd5 Na5 19. Qb5 Qd6 20. g3 Rfd8 21. Bf4
Qd7 22. Qd3 Rac8 23. Be5 Bxe5 24. Nxe5 Qd6 25. Rfe1 Rc5 26. Qf3 Rc7 27. Ng4 Kg7
28. Qe3 h5 29. Qf4 f6 30. Ne3 Nc6 31. Qe4 Re7 32. Qg2 Ne5 33. h3 1/2-1/2

[Event "49th Capablanca Mem Open I 2014"]
[Site "Havana CUB"]
[Date "2014.05.11"]
[Round "4.27"]
[White "Hernandez Fernandez, Ramon A."]
[Black "Georgiadis, Nico"]
[Result "1/2-1/2"]
[WhiteTitle "FM"]
[BlackTitle "IM"]
[WhiteElo "2293"]
[BlackElo "2446"]
[WhiteFideId "3503909"]
[BlackFideId "1300113"]
[EventDate "2014.04.08"]

1. e4 c5 2. Nf3 d6 3. d4 cxd4 4. Nxd4 Nf6 5. Nc3 g6 6. Be2 Bg7 7. O-O O-O 8. Bg5
Nbd7 9. Re1 Re8 10. Qd2 a6 11. Bf1 b5 12. Nd5 Bb7 13. c4 bxc4 14. Bxc4 Nb6 15.
Bxf6 Nxc4 16. Qc3 Bxf6 17. Nxf6+ exf6 18. Qxc4 Bxe4 19. Nc6 Bxc6 20. Qxc6 Re5
21. Red1 d5 22. g3 Kg7 23. Rd2 Qa5 24. Rad1 Rd8 25. a3 d4 26. Qf3 Re1+ 27. Rxe1
Qxd2 28. Qe2 Qxe2 29. Rxe2 g5 30. Kf1 d3 31. Rd2 f5 32. Ke1 f4 33. gxf4 gxf4 34.
Rd1 Rd5 35. Kd2 Rh5 36. Kxd3 Rxh2 37. Ke2 Rh3 38. Rd3 Rh1 39. Kf3 Rh3+ 40. Ke2
Rh1 1/2-1/2

[Event "49th Capablanca Mem Open I 2014"]
[Site "Havana CUB"]
[Date "2014.05.11"]
[Round "4.28"]
[White "Alarcon Casellas, Rolando"]
[Black "Larrua Gonzalez, Fernando Oscar"]
[Result "1/2-1/2"]
[WhiteTitle "IM"]
[BlackTitle "FM"]
[WhiteElo "2394"]
[BlackElo "2298"]
[WhiteFideId "3507610"]
[BlackFideId "3510662"]
[EventDate "2014.04.08"]

1. e4 e5 2. Nf3 Nf6 3. Nxe5 d6 4. Nf3 Nxe4 5. d3 Nf6 6. d4 d5 7. Bd3 Bd6 8. O-O
O-O 9. h3 Nbd7 10. c3 h6 11. Nbd2 Re8 12. Re1 c6 13. Rxe8+ Qxe8 14. Nf1 Nf8 15.
Bd2 Bd7 16. Qc2 Qb8 17. Re1 Qc7 18. Nh4 Re8 1/2-1/2

[Event "49th Capablanca Mem Open I 2014"]
[Site "Havana CUB"]
[Date "2014.05.11"]
[Round "4.29"]
[White "Martin Gonzalez, Orlando Jose"]
[Black "Souleidis, Georgios"]
[Result "1-0"]
[BlackTitle "IM"]
[WhiteElo "2298"]
[BlackElo "2387"]
[WhiteFideId "3501370"]
[BlackFideId "4206827"]
[EventDate "2014.04.08"]

1. d4 Nf6 2. c4 c5 3. d5 e6 4. Nc3 exd5 5. cxd5 Bd6 6. Nf3 O-O 7. g4 Qe7 8. Qc2
Re8 9. Bg5 Bc7 10. O-O-O d6 11. Rg1 Ba5 12. Bh4 Bxc3 13. bxc3 Nbd7 14. g5 Ne4
15. g6 f6 16. gxh7+ Kh8 17. Bg3 Nf8 18. Nd2 Bf5 19. Nxe4 Bxe4 20. Qd2 b5 21. f3
Bxh7 22. e4 c4 23. Qf4 Red8 24. Bh3 a5 25. Rg2 b4 26. Rdg1 Ng6 27. Qe3 Nf8 28.
Bh4 g6 29. Qd4 Kg7 30. f4 Re8 31. f5 Qe5 32. fxg6 Bg8 33. Rf2 Qxd4 34. cxd4 Rxe4
35. Bxf6+ Kh6 36. Bf5 Re3 37. Rf4 1-0

[Event "49th Capablanca Mem Open I 2014"]
[Site "Havana CUB"]
[Date "2014.05.11"]
[Round "4.30"]
[White "Della Morte, Pablo"]
[Black "Fuentes Dominguez, Felix"]
[Result "0-1"]
[WhiteTitle "IM"]
[BlackTitle "FM"]
[WhiteElo "2386"]
[BlackElo "2297"]
[WhiteFideId "108448"]
[BlackFideId "3504158"]
[EventDate "2014.04.08"]

1. e4 c5 2. Nf3 d6 3. d4 cxd4 4. Nxd4 Nf6 5. Nc3 a6 6. Be3 e5 7. Nb3 Be6 8. h3
h5 9. f4 exf4 10. Bxf4 Nc6 11. Qd2 Be7 12. O-O-O Qb6 13. Qe1 Ne5 14. Nd4 Rc8 15.
Nd5 Bxd5 16. exd5 Nfd7 17. Kb1 Bf6 18. Qe3 O-O 19. Nf5 Nc5 20. c3 Rfe8 21. Qf2
Qd8 22. g4 Ne4 23. Qg2 Ng6 24. Be3 h4 25. Bd4 Bxd4 26. Rxd4 Ng3 27. Nxg3 Re1+
28. Kc2 hxg3 29. Qxg3 Qe7 30. Qf2 Re8 31. h4 Ra1 32. h5 Ne5 33. Qf4 Nd7 34. h6
Qf6 35. hxg7 Qxf4 36. Rxf4 Rae1 37. Rf2 Kxg7 38. Rf5 Ne5 39. Rg5+ Kf6 40. Rf5+
Ke7 41. Kb3 Nxg4 42. Rf4 Ne5 43. a4 a5 44. Rf2 Nd3 45. Rxf7+ Kxf7 46. Rh7+ Kg8
47. Bxd3 R1e3 48. Bc2 Re1 49. Rxb7 0-1

[Event "49th Capablanca Mem Open I 2014"]
[Site "Havana CUB"]
[Date "2014.05.11"]
[Round "4.31"]
[White "Ordaz Valdes, Lisandra Teresa"]
[Black "Vitier Vazquez, Cristian"]
[Result "1/2-1/2"]
[WhiteTitle "WGM"]
[BlackTitle "FM"]
[WhiteElo "2365"]
[BlackElo "2288"]
[WhiteFideId "3506940"]
[BlackFideId "3513157"]
[EventDate "2014.04.08"]

1. d4 Nf6 2. c4 e6 3. Nc3 Bb4 4. Qc2 O-O 5. a3 Bxc3+ 6. Qxc3 d5 7. Nf3 dxc4 8.
Qxc4 b6 9. Bg5 Ba6 10. Qa4 Qd7 11. Qc2 c5 12. dxc5 Rc8 13. Bxf6 gxf6 14. Rd1 Qe7
15. e3 Rxc5 16. Qa4 Bxf1 17. Kxf1 Rc7 18. h4 Nd7 19. Rh3 Kh8 20. Rg3 Rg8 21.
Rxg8+ Kxg8 22. Qg4+ Kh8 23. Qd4 Nc5 1/2-1/2

[Event "49th Capablanca Mem Open I 2014"]
[Site "Havana CUB"]
[Date "2014.05.11"]
[Round "4.32"]
[White "Hernandez Moya, Yuleisy"]
[Black "Hernandez Marquez, Noel"]
[Result "1/2-1/2"]
[WhiteTitle "WIM"]
[BlackTitle "FM"]
[WhiteElo "2222"]
[BlackElo "2353"]
[WhiteFideId "3511685"]
[BlackFideId "3506991"]
[EventDate "2014.04.08"]

1. e4 e5 2. Nf3 Nc6 3. Bb5 a6 4. Ba4 Nf6 5. O-O b5 6. Bb3 Bb7 7. d3 Be7 8. Re1
O-O 9. Nbd2 Re8 10. Nf1 Na5 11. Nxe5 Nxb3 12. axb3 d5 13. exd5 Qxd5 14. Qf3 Bd6
15. Qxd5 Bxd5 16. f4 Nd7 17. d4 f6 18. Nd3 Be4 19. Bd2 Nb6 20. Nc5 Bxc2 21. g3
Nd5 22. b4 Bxc5 23. dxc5 Rxe1 24. Rxe1 Rd8 25. Re6 Bf5 26. Rxa6 Re8 27. Ra1 Re2
28. Re1 Rxe1 29. Bxe1 Bh3 30. Bd2 Bxf1 31. Kxf1 f5 32. Ke2 Kf7 33. h3 Ke6 34.
Bc3 g6 35. Kf3 h5 36. h4 Ne7 37. Be5 Nc6 38. Bxc7 Nxb4 39. Ba5 Nc6 40. Be1 b4
41. Ke2 Kd5 42. Bf2 Kc4 43. Kd2 Kb3 44. Kc1 Na5 45. Bg1 Kc4 46. Kc2 Nc6 47. Bf2 1/2-1/2

[Event "49th Capablanca Mem Open I 2014"]
[Site "Havana CUB"]
[Date "2014.05.11"]
[Round "4.33"]
[White "Mendez Fortes, Eduardo Jesus"]
[Black "Gomez Sanchez, Jorge Marcos"]
[Result "1/2-1/2"]
[WhiteTitle "FM"]
[WhiteElo "2347"]
[BlackElo "2248"]
[WhiteFideId "3502376"]
[BlackFideId "3506649"]
[EventDate "2014.04.08"]

1. e4 c5 2. Nf3 Nc6 3. d4 cxd4 4. Nxd4 g6 5. c4 Nf6 6. Nc3 d6 7. Be2 Nxd4 8.
Qxd4 Bg7 9. Be3 O-O 10. Qd2 Be6 11. Rc1 a5 12. f3 a4 13. O-O Qa5 14. Rfd1 Rfc8
15. Nb5 Qxd2 16. Rxd2 Nd7 17. Nd4 Nc5 18. Nxe6 Nxe6 19. Rcc2 Nc5 20. Bxc5 Rxc5
21. Rd5 1/2-1/2

[Event "49th Capablanca Mem Open I 2014"]
[Site "Havana CUB"]
[Date "2014.05.11"]
[Round "4.34"]
[White "Alonso Bouza, Julio Javier"]
[Black "Girones Barrios, Yans Richard"]
[Result "1/2-1/2"]
[WhiteTitle "FM"]
[BlackTitle "FM"]
[WhiteElo "2327"]
[BlackElo "2274"]
[WhiteFideId "3508889"]
[BlackFideId "3506142"]
[EventDate "2014.04.08"]

1. e4 e5 2. Nf3 Nc6 3. d4 exd4 4. Bc4 Nf6 5. O-O Nxe4 6. Re1 d5 7. Bxd5 Qxd5 8.
Nc3 Qa5 9. Nxe4 Be6 10. Neg5 O-O-O 11. Nxe6 fxe6 12. Rxe6 Bd6 13. Bg5 Rde8 14.
Qe2 Kd7 15. Rxe8 Rxe8 16. Qd3 h6 17. Bd2 Qd5 18. c3 Qe4 19. Qxe4 Rxe4 20. Nxd4
Nxd4 21. cxd4 Rxd4 22. Bc3 Rg4 23. h3 Rg6 24. g4 b5 25. a3 c5 26. Kg2 h5 27. Kf3
hxg4+ 28. hxg4 Ke7 29. Rd1 Rg5 30. Re1+ Kf7 31. Rd1 Ke6 32. Re1+ Kf7 1/2-1/2

[Event "49th Capablanca Mem Open I 2014"]
[Site "Havana CUB"]
[Date "2014.05.11"]
[Round "4.35"]
[White "Arribas Robaina, Maritza"]
[Black "Rodriguez, Adrien"]
[Result "1-0"]
[WhiteTitle "WGM"]
[WhiteElo "2318"]
[BlackElo "2184"]
[WhiteFideId "3501418"]
[BlackFideId "20691866"]
[EventDate "2014.04.08"]

1. e4 c5 2. Nf3 d6 3. Bb5+ Nd7 4. O-O a6 5. Bc4 e6 6. a4 Ngf6 7. Re1 Be7 8. Nc3
O-O 9. d3 b6 10. Bg5 Bb7 11. Qd2 Re8 12. Ba2 Ne5 13. Nxe5 dxe5 14. Qe3 Nd7 15.
Bxe7 Qxe7 16. Qg3 Qd6 17. h4 Nb8 18. h5 Nc6 19. h6 g6 20. Nd1 Qf8 21. Qh3 Qe7
22. Ne3 Kh8 23. c3 Rad8 24. Bc4 Qg5 25. Ng4 f5 26. Nh2 Na5 27. Nf3 Qf6 28. Qg3
Nxc4 29. dxc4 fxe4 30. Nxe5 Kg8 31. Rad1 Qe7 32. Ng4 e5 33. Rxd8 Qxd8 34. a5
bxa5 35. Ne3 Re6 36. Rd1 Rd6 37. Rxd6 Qxd6 38. Qg5 a4 39. Ng4 Bc6 40. Nf6+ Kh8
41. Ng4 Kg8 42. Qf6 Qxf6 43. Nxf6+ Kh8 44. Kf1 a5 45. Ke2 Bb7 46. Ke3 Ba6 47.
Kxe4 Bxc4 48. Kxe5 Bf1 49. Kd5 c4 50. g3 Be2 51. Kc5 g5 52. Kb5 g4 53. Kxa4 Bd1+
54. Kxa5 Bf3 55. Kb4 Be2 56. Kc5 Bf3 57. Kxc4 Be2+ 58. Kd4 Bf3 59. b4 Be2 60.
Ke5 Bf3 61. b5 Bc6 62. b6 1-0

[Event "49th Capablanca Mem Open I 2014"]
[Site "Havana CUB"]
[Date "2014.05.11"]
[Round "4.36"]
[White "Albornoz Cabrera, Carlos Daniel"]
[Black "Calvo Quinteiro, Jose Manuel"]
[Result "1/2-1/2"]
[BlackTitle "FM"]
[WhiteElo "2194"]
[BlackElo "2308"]
[WhiteFideId "3518736"]
[BlackFideId "3505154"]
[EventDate "2014.04.08"]

1. e4 e5 2. Nf3 Nc6 3. Bb5 a6 4. Ba4 Nf6 5. d3 d6 6. c3 g6 7. O-O Bg7 8. Re1 O-O
9. Nbd2 Nd7 10. Nf1 Nc5 11. Bxc6 bxc6 12. d4 Nd7 13. Be3 Re8 14. Ng3 exd4 15.
cxd4 h6 16. Qc1 Kh7 17. Qxc6 Rb8 18. Qc2 c5 19. Rad1 Qa5 20. b3 cxd4 21. Bxd4
Ne5 22. Nxe5 dxe5 23. Bc3 Qc7 24. Qb2 Bb7 25. Rc1 Qe7 26. Nf1 h5 27. Nd2 Bh6 28.
Rc2 Rbd8 29. Nc4 f6 30. Bd2 Rd4 31. Bxh6 Kxh6 32. Qc1+ Kg7 33. Na5 Ba8 34. Rc7
Rd7 35. Rxd7 Qxd7 36. Rd1 Qe6 37. Qe3 Rc8 38. Nc4 Rc7 39. Rd6 Qc8 40. f3 Bc6 41.
Qb6 Qb7 42. Qxb7 Bxb7 43. Kf2 Bc6 44. Ke3 Kf7 45. Kd2 Ke7 46. Rd3 h4 47. Kc3 f5
48. exf5 gxf5 49. Kb4 e4 50. fxe4 Bxe4 51. Rd2 Rc6 52. Ne5 Re6 53. Nf3 h3 54.
Nh4 hxg2 55. Nxg2 Bxg2 56. Rxg2 Kf6 57. Rf2 Kg5 58. Ka5 f4 59. b4 Kg4 60. a4 f3
61. Rf1 Rf6 62. b5 axb5 63. axb5 Kh3 64. b6 Kg2 65. b7 Rf8 66. Rc1 Kxh2 67. Rc2+
Kg1 68. Rc1+ Kg2 69. Rc8 Rxc8 70. bxc8=Q f2 71. Qg4+ Kh1 72. Qe2 Kg1 73. Qe3 Kg2
74. Qe2 Kg1 75. Qg4+ Kh1 76. Qf3+ Kg1 1/2-1/2

[Event "49th Capablanca Mem Open I 2014"]
[Site "Havana CUB"]
[Date "2014.05.11"]
[Round "4.37"]
[White "Obregon, Andres Carlos"]
[Black "Esquivel Golcher, Luis"]
[Result "1-0"]
[WhiteTitle "IM"]
[BlackTitle "FM"]
[WhiteElo "2498"]
[BlackElo "2124"]
[WhiteFideId "111724"]
[BlackFideId "6600174"]
[EventDate "2014.04.08"]

1. e4 e6 2. d4 d5 3. Nd2 Nf6 4. e5 Nfd7 5. Bd3 c5 6. c3 b6 7. Ne2 Ba6 8. Bxa6
Nxa6 9. O-O Nc7 10. Nf4 g6 11. Re1 Be7 12. Nf3 c4 13. h4 b5 14. Nh3 h6 15. g3 b4
16. Be3 bxc3 17. bxc3 Nb5 18. Qd2 Qa5 19. Rac1 Nb6 20. Bxh6 Nxc3 21. Bg5 Bb4 22.
Qf4 Ne4 23. Re2 Qa3 24. Rcc2 Qd3 25. Bf6 Nxf6 26. Qxf6 Rg8 27. g4 Be7 28. Qf4 g5
29. Nfxg5 Qg6 30. Kg2 Rg7 31. Qg3 Kd7 32. f4 Qd3 33. Red2 Qa3 34. Nf2 Qa4 35.
Re2 Rc8 36. Nf3 Qa6 37. g5 Na4 38. Qg4 c3 39. Kg3 Rb8 40. f5 exf5 41. Qxf5+ Qe6
42. Qd3 Bb4 43. Qe3 Rh8 44. Nd3 Be7 45. Rh2 Qf5 46. Qe2 Rh5 47. Nf2 Kd8 48. Ng4 1-0

[Event "49th Capablanca Mem Open I 2014"]
[Site "Havana CUB"]
[Date "2014.05.11"]
[Round "4.38"]
[White "Pazos Gambarrotti, Plinio"]
[Black "Alvarez Ferreiro, Roberto"]
[Result "1-0"]
[WhiteTitle "IM"]
[BlackTitle "FM"]
[WhiteElo "2240"]
[BlackElo "2382"]
[WhiteFideId "3600068"]
[BlackFideId "3503038"]
[EventDate "2014.04.08"]

1. Nf3 Nf6 2. g3 g6 3. b3 Bg7 4. Bb2 O-O 5. Bg2 d6 6. d4 Nbd7 7. O-O e5 8. dxe5
Ng4 9. Nfd2 Ndxe5 10. Qc1 Qg5 11. h3 Qh6 12. hxg4 Nxg4 13. Re1 Qh2+ 14. Kf1 Ne5
15. e3 Bh3 16. Bxh3 Qxh3+ 17. Kg1 Rfe8 18. Nc3 Ng4 19. Nf1 Re5 20. Qd1 Rh5 21.
Qf3 Rf5 22. Qxb7 Re8 23. Qh1 Qxh1+ 24. Kxh1 Rxf2 25. Rac1 Re5 26. Nd1 Rh5+ 27.
Kg1 Rff5 28. Bxg7 Kxg7 29. Re2 Rh3 30. Nf2 Nxf2 31. Rxf2 Re5 32. Rd1 Rhh5 33.
Kg2 Rhg5 34. Rd4 Ra5 35. a4 Rge5 36. Nd2 Re7 37. Nc4 Rg5 38. Rfd2 h5 39. Rd5 Rg4
40. R2d4 Rxd4 41. Rxd4 f5 42. Rd5 Re4 43. Ra5 Kh6 44. Kf3 h4 45. gxh4 Rxh4 46.
Rxa7 Rh2 47. Rxc7 Rxc2 48. Rd7 g5 49. Nxd6 g4+ 50. Kf4 Rf2+ 51. Ke5 Kg6 52. Rd8
Rf3 53. e4 fxe4 54. Rg8+ Kh5 55. Nf5 Rxb3 56. a5 Rc3 57. a6 e3 58. Kf4 Rc4+ 59.
Kxe3 Ra4 60. Ra8 Ra3+ 61. Kd4 Kg6 62. a7 Kh7 63. Ke5 Ra4 64. Ng3 Kg7 65. Kf5 Kh7
66. Kg5 Kg7 67. Nh5+ 1-0

[Event "49th Capablanca Mem Open I 2014"]
[Site "Havana CUB"]
[Date "2014.05.11"]
[Round "4.39"]
[White "Corrales Jimenez, Zenia"]
[Black "Fernandez De La Vara, Arnaldo"]
[Result "1-0"]
[WhiteTitle "WIM"]
[BlackTitle "FM"]
[WhiteElo "2178"]
[BlackElo "2312"]
[WhiteFideId "3506355"]
[BlackFideId "3518388"]
[EventDate "2014.04.08"]

1. e4 c5 2. Nf3 d6 3. d4 cxd4 4. Qxd4 a6 5. Be3 Nf6 6. c4 Nc6 7. Qd3 Bg4 8. Be2
Rc8 9. Nbd2 g6 10. O-O Bg7 11. Rab1 a5 12. h3 Bxf3 13. Bxf3 O-O 14. a3 a4 15.
Bd1 Qa5 16. f4 Nd7 17. Qd5 Nc5 18. e5 Rfd8 19. exd6 exd6 20. Bg4 Ne7 21. Qg5 f6
22. Qh4 f5 23. Bf3 Rd7 24. Kh2 Ne6 25. Qf2 d5 26. Bb6 Qa6 27. Rfe1 Rc6 28. cxd5
Qxb6 29. Qxb6 Rxb6 30. Nc4 Ra6 31. dxe6 Rd4 32. Ne5 Rxf4 33. Nd7 b5 34. b3 Bc3
35. Re3 Bd4 36. Re2 b4 37. axb4 a3 38. Ra2 Rb6 39. b5 Rxe6 40. b6 Rxf3 41. gxf3
Re2+ 42. Kh1 1-0

[Event "49th Capablanca Mem Open I 2014"]
[Site "Havana CUB"]
[Date "2014.05.11"]
[Round "4.40"]
[White "Perera Alfonso, Rene Humberto"]
[Black "Gil Alba, Hector Luis"]
[Result "0-1"]
[WhiteTitle "FM"]
[BlackTitle "FM"]
[WhiteElo "2302"]
[BlackElo "2244"]
[WhiteFideId "3514722"]
[BlackFideId "3504670"]
[EventDate "2014.04.08"]

1. e4 c5 2. Nf3 e6 3. d4 cxd4 4. Nxd4 Nc6 5. Nc3 Qc7 6. Be3 a6 7. Qd2 Nf6 8.
O-O-O Bb4 9. f3 Na5 10. a3 Bxc3 11. Qxc3 Qxc3 12. bxc3 d5 13. e5 Nd7 14. f4 b5
15. Kb1 Rb8 16. Ka2 Nb6 17. Nb3 Nac4 18. Bd4 Na4 19. h4 Bd7 20. h5 Rc8 21. Rh3
Rc7 22. g4 O-O 23. g5 Rfc8 24. Bg2 g6 25. Rdh1 Kf8 26. Nc1 Nd2 27. Ne2 Ne4 28.
Bxe4 dxe4 29. hxg6 hxg6 30. f5 exf5 31. Nf4 Ke7 32. Nd5+ Ke6 33. Nxc7+ Rxc7 34.
Re3 f4 35. Ree1 Nxc3+ 36. Kb3 Na4 37. Rh8 Kf5 38. c3 Be6+ 39. Kc2 e3 40. Ra8 Rc6
41. Rd8 a5 42. Rb8 Bc4 43. Ra8 Nc5 44. Rg1 Bd3+ 45. Kb2 a4 46. Rf8 Bc4 47. Rd8
Nd3+ 48. Kc2 e2 49. Kd2 f3 50. Rh1 e1=Q+ 51. Rxe1 Nxe1 52. Kxe1 Kxg5 53. Kf2 Kf4
54. Be3+ Kxe5 55. Kxf3 Bd5+ 0-1

[Event "49th Capablanca Mem Open I 2014"]
[Site "Havana CUB"]
[Date "2014.05.11"]
[Round "4.41"]
[White "Estrada Nieto, Julian"]
[Black "Lopez Gonzalez, Abel Fabian"]
[Result "1-0"]
[WhiteTitle "IM"]
[WhiteElo "2288"]
[BlackElo "2234"]
[WhiteFideId "5101018"]
[BlackFideId "3512673"]
[EventDate "2014.04.08"]

1. e4 c5 2. Nf3 d6 3. Bb5+ Nd7 4. c3 Nf6 5. Qe2 a6 6. Bd3 g6 7. Bc2 Bg7 8. d4 e6
9. O-O O-O 10. Rd1 Qc7 11. a4 b6 12. h3 Bb7 13. Bf4 e5 14. dxe5 dxe5 15. Bg5 c4
16. Na3 Rac8 17. Nd2 Nc5 18. Bxf6 Bxf6 19. Naxc4 Rfd8 20. a5 b5 21. Nb6 Rb8 22.
Nf1 Bg7 23. Ne3 Ne6 24. g3 Qe7 25. Ned5 Qf8 26. h4 Kh8 27. Qf3 Rd6 28. Ne3 Rbd8
29. Bb3 Nc5 30. Bd5 Bxd5 31. Rxd5 Qe8 32. Qd1 h5 33. Ra2 Bh6 1-0

[Event "49th Capablanca Mem Open I 2014"]
[Site "Havana CUB"]
[Date "2014.05.11"]
[Round "4.42"]
[White "Miranda Rodriguez, Tania"]
[Black "Enrique Hernandez, Eddy Ernesto"]
[Result "1/2-1/2"]
[WhiteTitle "WFM"]
[WhiteElo "2161"]
[BlackElo "2287"]
[WhiteFideId "3510417"]
[BlackFideId "3508765"]
[EventDate "2014.04.08"]

1. e4 e5 2. Nf3 Nf6 3. Nxe5 d6 4. Nf3 Nxe4 5. Nc3 Nxc3 6. dxc3 Be7 7. Be3 Nc6 8.
Qd2 Be6 9. Bd3 h6 10. h4 a6 11. O-O-O Qd7 12. Kb1 Bg4 13. Be4 O-O-O 14. Nd4 d5
15. Bf3 Bxf3 16. Nxf3 Bf6 17. Bd4 Nxd4 18. cxd4 Rhe8 19. g3 Re4 20. Rhe1 Rde8
21. Rxe4 dxe4 22. Nh2 g5 23. Nf1 gxh4 24. Qxh6 Qg4 25. Ne3 Qg6 26. Qxg6 fxg6 27.
Ng4 Rf8 28. c3 Bg5 29. Re1 hxg3 30. fxg3 Rf3 31. Rxe4 Rxg3 32. Ne5 Rg1+ 33. Kc2
Rg2+ 34. Kd1 Rg1+ 35. Kc2 Rg2+ 36. Kb1 1/2-1/2